[Event "3. Wittelsbacher Weihnachts-Schach-Open"]
[Site "Kelheim"]
[Date "2014.12.28"]
[Round "4.20"]
[White "Kucera, Petr"]
[Black "Klarl, Wolfgang"]
[Result "1/2-1/2"]
[WhiteElo "1974"]
[BlackElo "1985"]
[PlyCount "85"]
[EventDate "2014.??.??"]
[WhiteTeam "Bystrc Oilers"]

1. e4 c6 2. Ne2 d5 3. e5 e6 4. d4 c5 5. c3 Bd7 6. Be3 cxd4 7. cxd4 Qb6 8. Nbc3
Ne7 9. Qd2 Nf5 10. Ng3 Nxe3 11. fxe3 Nc6 12. Be2 Bb4 13. O-O O-O 14. Nh5 Qd8
15. Rf3 f5 16. exf6 gxf6 17. Raf1 Be7 18. Qe1 Kh8 19. Bd3 Rf7 20. Kh1 Qf8 21.
Nf4 f5 22. Rh3 Rg7 23. Rff3 Qg8 24. Nce2 Rf8 25. Ng3 Be8 26. Ngh5 Rg4 27. Be2
Rg5 28. Rfg3 Qf7 29. Rxg5 Bxg5 30. g4 Ne7 31. Qb4 fxg4 32. Bxg4 Nf5 33. Nxe6
Rg8 34. Nxg5 Rxg5 35. Be2 Qg8 36. Qe1 Bxh5 37. Bxh5 Qe6 38. Qf1 Nxe3 39. Rxe3
Qxe3 40. Qf8+ Rg8 41. Qf6+ Rg7 42. Qf8+ Rg8 43. Qf6+ 1/2-1/2

[Event "3. Wittelsbacher Weihnachts-Schach-Open"]
[Site "Kelheim"]
[Date "2014.12.28"]
[Round "4.21"]
[White "Link, Robert"]
[Black "Bartonicek, Zdenek"]
[Result "1/2-1/2"]
[WhiteElo "1792"]
[BlackElo "2072"]
[PlyCount "28"]
[EventDate "2014.??.??"]
[WhiteTeam "SK Klingenberg"]
[BlackTeam "TSV Kirchenlaibach"]

1. d4 Nf6 2. c4 g6 3. Nc3 d5 4. cxd5 Nxd5 5. e4 Nxc3 6. bxc3 Bg7 7. Be3 c5 8.
Qd2 O-O 9. Rc1 Qa5 10. d5 Na6 11. Bxa6 bxa6 12. Ne2 Bd7 13. O-O Rab8 14. f4 Qa3
1/2-1/2

[Event "3. Wittelsbacher Weihnachts-Schach-Open"]
[Site "Kelheim"]
[Date "2014.12.28"]
[Round "4.22"]
[White "Müller, Daniel"]
[Black "Schilay, Lorenz"]
[Result "1/2-1/2"]
[WhiteElo "2045"]
[BlackElo "1719"]
[PlyCount "73"]
[EventDate "2014.??.??"]
[WhiteTeam "TG Biberach"]
[BlackTeam "SK Neumarkt"]

1. d4 Nf6 2. g3 d5 3. Nf3 e6 4. Bg2 c5 5. O-O Nc6 6. c4 Be7 7. cxd5 exd5 8. Nc3
c4 9. Ne5 O-O 10. b3 Bb4 11. Bb2 Bxc3 12. Bxc3 cxb3 13. Nxc6 bxc6 14. axb3 Bd7
15. Ba5 Qe7 16. Qc2 Ne4 17. e3 Rfc8 18. Rfc1 Bf5 19. Qd1 Rab8 20. Bf1 Qf6 21.
Be1 Rc7 22. Ra6 Rb6 23. Rca1 Rxa6 24. Rxa6 Bc8 25. Ra2 Ng5 26. Ba5 Rb7 27. f4
Nh3+ 28. Kg2 Qg6 29. Bd3 Qh6 30. Ba6 Qg6 31. Rb2 Bg4 32. Be2 h5 33. Bf3 Qe6 34.
Bd2 g5 35. Kf1 Bxf3 36. Qxf3 g4 37. Qg2 1/2-1/2

[Event "3. Wittelsbacher Weihnachts-Schach-Open"]
[Site "Kelheim"]
[Date "2014.12.28"]
[Round "4.23"]
[White "Gabler, Eric"]
[Black "Lautner, Juergen"]
[Result "0-1"]
[WhiteElo "1864"]
[BlackElo "1932"]
[PlyCount "38"]
[EventDate "2014.??.??"]
[WhiteTeam "TV Geiselhöring"]
[BlackTeam "1.FC Schwarzenfeld"]

1. d4 d6 2. c4 e5 3. d5 g6 4. Nc3 Bg7 5. e4 Nf6 6. Nf3 O-O 7. Be3 Na6 8. Be2
Ng4 9. Bg5 f6 10. Bh4 g5 11. Bg3 Nh6 12. h4 g4 13. Nh2 Qd7 14. Qd2 Qe8 15.
O-O-O f5 16. f4 fxe4 17. Nxe4 exf4 18. Bxf4 Qxe4 19. Rhf1 Bf5 0-1

[Event "3. Wittelsbacher Weihnachts-Schach-Open"]
[Site "Kelheim"]
[Date "2014.12.28"]
[Round "4.24"]
[White "Seidenschwarz, Holger"]
[Black "Strasser, Josef"]
[Result "1/2-1/2"]
[WhiteElo "1976"]
[BlackElo "1874"]
[PlyCount "57"]
[EventDate "2014.??.??"]
[WhiteTeam "SK Kelheim"]
[BlackTeam "SU München"]

1. e4 d5 2. exd5 Nf6 3. Nf3 Nxd5 4. d4 Bg4 5. Be2 e6 6. O-O Be7 7. c4 Nb6 8.
Be3 O-O 9. Nc3 Nc6 10. b3 f5 11. d5 exd5 12. Bxb6 axb6 13. Nxd5 Bd6 14. a4 Kh8
15. Ra2 Nb4 16. Rd2 Nxd5 17. Rxd5 Bxf3 18. Bxf3 Qf6 19. Re1 Rfe8 20. Rd3 Re7
21. Rxe7 Qxe7 22. Bxb7 Re8 23. Re3 Qd8 24. Rxe8+ Qxe8 25. g3 Qe5 26. Qf3 g6 27.
Kg2 Kg7 28. Bd5 Bc5 29. Bc6 1/2-1/2

[Event "3. Wittelsbacher Weihnachts-Schach-Open"]
[Site "Kelheim"]
[Date "2014.12.28"]
[Round "4.25"]
[White "Lohr, Werner"]
[Black "Weigert, Wilhelm"]
[Result "1-0"]
[WhiteElo "1735"]
[BlackElo "2040"]
[PlyCount "127"]
[EventDate "2014.??.??"]
[WhiteTeam "TSV Mainburg"]
[BlackTeam "SK Kelheim"]

1. d4 c5 2. e4 cxd4 3. c3 g6 4. cxd4 Bg7 5. Nf3 Nf6 6. Nc3 d6 7. Be2 O-O 8. O-O
Bg4 9. Be3 Nc6 10. Qd2 Re8 11. Rfd1 a6 12. Rac1 Rc8 13. h3 Bd7 14. e5 Nh5 15.
g4 Na5 16. gxh5 Bxh3 17. hxg6 hxg6 18. Ne4 d5 19. Rxc8 Bxc8 20. Ng3 Nc4 21.
Bxc4 dxc4 22. Bh6 Bg4 23. Bxg7 Kxg7 24. Qf4 Qc8 25. Kg2 Rh8 26. Rh1 Bh3+ 27.
Kg1 f6 28. exf6+ exf6 29. Ne4 Qe6 30. d5 Qxd5 31. Qxf6+ Kg8 32. Qxg6+ Kf8 33.
Qd6+ Qxd6 34. Nxd6 Rg8+ 35. Kh2 Bg2 36. Rg1 Bxf3 37. Rxg8+ Kxg8 38. Nxc4 Bd5
39. Nd6 Kf8 40. a3 Ke7 41. Nf5+ Kf6 42. Ne3 Bf7 43. f4 Bb3 44. Kg3 Bf7 45. Kf3
Be8 46. Ng4+ Kf5 47. Ne5 Ba4 48. Ke3 Bb3 49. Nf3 Bd5 50. Nd4+ Kf6 51. Ne2 Kf5
52. Ng3+ Kf6 53. Kd4 Bf3 54. f5 Bg2 55. b4 Bc6 56. Kc5 Ke5 57. Ne2 Bg2 58. Nd4
Be4 59. a4 Bg2 60. a5 Be4 61. Ne6 Bxf5 62. Nd8 Bc8 63. Kb6 Kd5 64. Nxb7 1-0

[Event "3. Wittelsbacher Weihnachts-Schach-Open"]
[Site "Kelheim"]
[Date "2014.12.28"]
[Round "4.26"]
[White "Alsheimer, Lea"]
[Black "Goderbauer, Benedikt"]
[Result "1/2-1/2"]
[WhiteElo "1616"]
[BlackElo "1818"]
[PlyCount "60"]
[EventDate "2014.??.??"]
[WhiteTeam "SC Bechhofen"]
[BlackTeam "SC Moosburg"]

1. b3 d5 2. Bb2 Nf6 3. d4 Bf5 4. Nf3 e6 5. e3 Bb4+ 6. c3 Be7 7. Bd3 Bxd3 8.
Qxd3 Nbd7 9. Nbd2 O-O 10. O-O c5 11. dxc5 Nxc5 12. Qc2 Rc8 13. Rfd1 Qc7 14.
Rac1 e5 15. c4 e4 16. Ne1 Ng4 17. g3 Qd6 18. Nf1 Qh6 19. Rxd5 f5 20. Rcd1 Rc6
21. Bd4 Ne6 22. Bxa7 Ng5 23. R1d2 Qh3 24. f4 exf3 25. Rxf5 Rxf5 26. Qxf5 f2+
27. Rxf2 Nxf2 28. Qxf2 Rf6 29. Qg2 Qg4 30. Bd4 Nh3+ 1/2-1/2

[Event "3. Wittelsbacher Weihnachts-Schach-Open"]
[Site "Kelheim"]
[Date "2014.12.28"]
[Round "4.27"]
[White "Stadler, Andreas"]
[Black "Müller, Johannes"]
[Result "1-0"]
[WhiteElo "1955"]
[BlackElo "1768"]
[PlyCount "81"]
[EventDate "2014.??.??"]
[WhiteTeam "SK München Südost"]
[BlackTeam "SK Kelheim"]

1. e4 e5 2. Bc4 Nf6 3. Nf3 Nc6 4. d3 Be7 5. c3 O-O 6. Bb3 d5 7. Qe2 Qd6 8. Nbd2
Be6 9. Nf1 Na5 10. Bxd5 Nxd5 11. exd5 Bxd5 12. Ng3 f5 13. O-O Nc6 14. b4 Rae8
15. Bb2 Kh8 16. b5 e4 17. dxe4 fxe4 18. Nd2 Ne5 19. c4 Nd3 20. Ndxe4 Bxe4 21.
Nxe4 Nf4 22. Qg4 Qh6 23. Ng3 Bf6 24. Bxf6 Qxf6 25. Rad1 Re7 26. h3 Re5 27. Qd7
Re7 28. Qd4 Qg5 29. Rfe1 Rxe1+ 30. Rxe1 h5 31. Qe5 Qg6 32. Re4 h4 33. Rxf4 Rxf4
34. Qxf4 hxg3 35. Qxg3 Qf7 36. Qh4+ Kg8 37. Qe4 Kh8 38. g4 b6 39. Kg2 Qd7 40.
g5 Qd6 41. g6 1-0

[Event "3. Wittelsbacher Weihnachts-Schach-Open"]
[Site "Kelheim"]
[Date "2014.12.28"]
[Round "4.28"]
[White "Meulner, Fabian"]
[Black "Bartmann, Florian"]
[Result "1-0"]
[WhiteElo "1926"]
[BlackElo "1734"]
[PlyCount "61"]
[EventDate "2014.??.??"]
[WhiteTeam "SW Nürnberg Süd"]
[BlackTeam "SK Kelheim"]

1. d4 Nf6 2. c4 e6 3. Nc3 Bb4 4. e3 O-O 5. Nge2 b6 6. a3 Be7 7. e4 d6 8. g3 e5
9. Bg2 Bb7 10. O-O Nbd7 11. f3 c6 12. d5 cxd5 13. cxd5 a6 14. Be3 b5 15. g4 Nb6
16. b3 Rc8 17. Qd2 Nfd7 18. Ng3 f6 19. h4 Qc7 20. Rfc1 Qd8 21. Nf5 Kf7 22. h5
g5 23. h6 Rg8 24. Bf1 Bf8 25. Rab1 Ba8 26. Qh2 Rg6 27. Na2 Nc5 28. Qf2 Nbd7 29.
Nb4 a5 30. Nc6 Bxc6 31. dxc6 1-0

[Event "3. Wittelsbacher Weihnachts-Schach-Open"]
[Site "Kelheim"]
[Date "2014.12.28"]
[Round "4.29"]
[White "Simon, Jonathan"]
[Black "Stöckl, Patrick"]
[Result "1-0"]
[WhiteElo "1941"]
[BlackElo "1524"]
[PlyCount "61"]
[EventDate "2014.??.??"]
[WhiteTeam "SK Mömbris"]
[BlackTeam "TSV Dietfurt/Altm."]

1. c4 g6 2. d4 Bg7 3. e4 d6 4. Nc3 e5 5. dxe5 Bxe5 6. Nf3 Bxc3+ 7. bxc3 Bg4 8.
Qb3 Bxf3 9. gxf3 b6 10. h4 Nd7 11. Bg5 f6 12. Bf4 Nc5 13. Qd1 g5 14. hxg5 fxg5
15. Qd4 Qf6 16. Bxg5 Qe5 17. Be3 Ne7 18. Qxe5 dxe5 19. Bxc5 bxc5 20. Rb1 a6 21.
Bh3 Kf7 22. Bg4 Kg7 23. Rh5 Kf6 24. Rb7 Rab8 25. Rxc7 Rb1+ 26. Ke2 Rhb8 27. f4
R8b2+ 28. Kf3 exf4 29. e5+ Kg6 30. Rxe7 Rf1 31. Rexh7 1-0

[Event "3. Wittelsbacher Weihnachts-Schach-Open"]
[Site "Kelheim"]
[Date "2014.12.28"]
[Round "4.30"]
[White "Meyer, Nico"]
[Black "Altmann, Jens"]
[Result "1-0"]
[WhiteElo "1386"]
[BlackElo "2004"]
[PlyCount "159"]
[EventDate "2014.??.??"]
[WhiteTeam "SC Bechhofen"]
[BlackTeam "SF Leipzig-Südost"]

1. e4 e5 2. Nf3 Nc6 3. Bb5 f5 4. exf5 e4 5. Qe2 Qe7 6. Bxc6 dxc6 7. Nd4 Nf6 8.
Nc3 c5 9. Qb5+ Qd7 10. Ne6 c6 11. Qe2 Qe7 12. Nxe4 Bxe6 13. Nxf6+ Qxf6 14.
Qxe6+ Qxe6+ 15. fxe6 Ke7 16. O-O Kxe6 17. d3 Bd6 18. Re1+ Kf7 19. Bd2 Rad8 20.
Re4 Rhe8 21. Rae1 Rxe4 22. Rxe4 b5 23. Bf4 Bxf4 24. Rxf4+ Ke6 25. Kf1 a5 26.
Re4+ Kf6 27. Ke2 b4 28. c3 bxc3 29. bxc3 Rb8 30. Ra4 Ra8 31. Rc4 Rb8 32. Rxc5
Rb2+ 33. Ke3 Rxa2 34. Rxc6+ Ke7 35. Rc7+ Kf6 36. c4 a4 37. c5 a3 38. c6 Rc2 39.
Ra7 a2 40. c7 a1=Q 41. Rxa1 Rxc7 42. Ra6+ Kf5 43. Ra5+ Kf6 44. d4 Rb7 45. Ke4
Rb2 46. Rf5+ Ke6 47. d5+ Ke7 48. Rf3 Kd6 49. Rf7 Rb4+ 50. Kf3 Rb3+ 51. Kg4 Rb2
52. Kg3 h5 53. Rxg7 h4+ 54. Kxh4 Rxf2 55. Rg5 Ke7 56. h3 Kf6 57. d6 Rd2 58. Kh5
Kf7 59. Rg6 Rd5+ 60. Kh6 Rd4 61. g3 Rd1 62. d7 Ke7 63. Rg7+ Kd8 64. h4 Rd6+ 65.
Kg5 Rd5+ 66. Kf6 Rd6+ 67. Ke5 Rh6 68. Rf7 Rh8 69. Ke6 Kc7 70. Ke7 Rd8 71. Ke6
Rg8 72. Rf3 Kd8 73. h5 Rh8 74. g4 Kc7 75. Rf6 Rh7 76. Rf7 Rh8 77. g5 Rg8 78. g6
Rh8 79. g7 Rh6+ 80. Rf6 1-0

[Event "3. Wittelsbacher Weihnachts-Schach-Open"]
[Site "Kelheim"]
[Date "2014.12.28"]
[Round "4.32"]
[White "Kreuzer, Helmut"]
[Black "Nöckler, Alexander"]
[Result "1-0"]
[WhiteElo "2127"]
[BlackElo "1947"]
[PlyCount "85"]
[EventDate "2014.??.??"]
[WhiteTeam "SK Kelheim"]
[BlackTeam "SK Weiden"]

1. d4 d5 2. Nf3 Nf6 3. c4 e6 4. cxd5 exd5 5. Nc3 Be7 6. Bg5 Nbd7 7. e3 O-O 8.
Bd3 c6 9. Qc2 Re8 10. O-O Nf8 11. Rab1 Ng6 12. b4 a6 13. a4 Ne4 14. Bxe7 Qxe7
15. b5 axb5 16. axb5 Bg4 17. Ne1 Nh4 18. bxc6 bxc6 19. Nd1 Bd7 20. f3 Nf6 21.
g3 Ng6 22. Ng2 Rac8 23. Rc1 Rc7 24. Nb2 Bh3 25. Rfe1 Be6 26. Na4 Nd7 27. Nc5
Nxc5 28. Qxc5 Qf6 29. Kf2 Nf8 30. Qd6 Rec8 31. Nf4 Rd7 32. Qa3 Bf5 33. Qa6 Rdc7
34. Nxd5 Qh6 35. Bxf5 Qxh2+ 36. Kf1 Qh1+ 37. Ke2 Qg2+ 38. Kd3 Rb8 39. Nxc7 Qxf3
40. Be4 Qxg3 41. Qxc6 Ng6 42. Nd5 h5 43. Qc7 1-0

[Event "3. Wittelsbacher Weihnachts-Schach-Open"]
[Site "Kelheim"]
[Date "2014.12.28"]
[Round "4.33"]
[White "Hornung, Hans"]
[Black "Koellner, Ulrich"]
[Result "1-0"]
[WhiteElo "2132"]
[BlackElo "1890"]
[PlyCount "71"]
[EventDate "2014.??.??"]
[WhiteTeam "SK Klosterlechfeld"]
[BlackTeam "SV Hofheim"]

1. b3 Nf6 2. Bb2 d5 3. Nf3 g6 4. c4 c6 5. g3 Bg7 6. Bg2 O-O 7. O-O Re8 8. d4
Bf5 9. Nbd2 Nbd7 10. Nh4 Nf8 11. Nxf5 gxf5 12. Qc2 e6 13. e3 Ng6 14. Nf3 Ne4
15. Rfd1 Rc8 16. Rac1 Qd7 17. Qb1 Bf8 18. a3 a5 19. Ne1 b6 20. Bf1 Bd6 21. f3
Nf6 22. c5 bxc5 23. dxc5 Be5 24. Bd4 Qc7 25. Qc2 Kf8 26. Nd3 Ke7 27. Qc3 Bxd4
28. exd4 Rg8 29. Kh1 h5 30. Ne5 f4 31. Ba6 Ra8 32. Bd3 fxg3 33. Bxg6 fxg6 34.
hxg3 Nd7 35. Re1 Raf8 36. Qxa5 1-0

[Event "3. Wittelsbacher Weihnachts-Schach-Open"]
[Site "Kelheim"]
[Date "2014.12.28"]
[Round "4.34"]
[White "Bader, Dominic"]
[Black "Pohl, Steffen"]
[Result "1-0"]
[WhiteElo "2103"]
[BlackElo "1789"]
[PlyCount "71"]
[EventDate "2014.??.??"]
[WhiteTeam "SG Büchenbach/Roth"]
[BlackTeam "SK Schwanstetten"]

1. e4 e6 2. Nc3 d5 3. Nf3 dxe4 4. Nxe4 Be7 5. d4 Nf6 6. Bd3 b6 7. Nxf6+ Bxf6 8.
Be4 c6 9. Bf4 Bb7 10. Qd3 Qc8 11. O-O-O Na6 12. a3 Nc7 13. c4 b5 14. c5 Nd5 15.
Bd6 a6 16. Bxh7 g6 17. Bxg6 fxg6 18. Qxg6+ Kd8 19. Ng5 Re8 20. Nf7+ Kd7 21. Qh7
Be7 22. Ne5+ Kd8 23. Nf7+ Kd7 24. Rhe1 Rf8 25. Bxe7 Nxe7 26. Nd6 Qc7 27. Qh6
Rxf2 28. Qxe6+ Kd8 29. Re5 Qd7 30. Rde1 Qxe6 31. Rxe6 Nd5 32. Nxb7+ Kc7 33. Na5
Rxg2 34. Rxc6+ Kb8 35. Re8+ Ka7 36. Rxa6+ 1-0

[Event "3. Wittelsbacher Weihnachts-Schach-Open"]
[Site "Kelheim"]
[Date "2014.12.28"]
[Round "4.35"]
[White "Hilburger, Johannes"]
[Black "Seifert, Werner"]
[Result "1/2-1/2"]
[WhiteElo "1802"]
[BlackElo "1997"]
[PlyCount "47"]
[EventDate "2014.??.??"]
[WhiteTeam "TSV Oberviechtach"]
[BlackTeam "SV WB Allianz München"]

1. e4 e6 2. d4 d5 3. exd5 exd5 4. Bd3 c5 5. c3 Nc6 6. Nf3 Bd6 7. dxc5 Bxc5 8.
O-O Nge7 9. Bg5 O-O 10. Qc2 h6 11. Bh4 Be6 12. Nbd2 Rc8 13. Rfe1 Qd7 14. Nb3
Bb6 15. Bxe7 Qxe7 16. Qd2 Qf6 17. Nbd4 Rfe8 18. Nxe6 Rxe6 19. Re2 Rce8 20. Rae1
Ne5 21. Nxe5 Rxe5 22. Rxe5 Rxe5 23. Rxe5 Qxe5 24. Qe2 1/2-1/2

[Event "3. Wittelsbacher Weihnachts-Schach-Open"]
[Site "Kelheim"]
[Date "2014.12.28"]
[Round "4.36"]
[White "Loebel, Petra"]
[Black "Oestreicher, Hans-Ulrich"]
[Result "0-1"]
[WhiteElo "1787"]
[BlackElo "1987"]
[PlyCount "114"]
[EventDate "2014.??.??"]
[WhiteTeam "SC Noris-Tarrasch Nürnberg"]
[BlackTeam "SK Markdorf"]

1. e4 c6 2. Nf3 d5 3. Nc3 Nf6 4. exd5 cxd5 5. d4 Nc6 6. g3 Bf5 7. a3 e6 8. Bg2
Be7 9. O-O O-O 10. Ne2 Rc8 11. c3 b5 12. Nf4 h6 13. Nd3 Na5 14. Nfe5 Nc4 15.
Nxc4 bxc4 16. Ne5 Nd7 17. Qh5 Nxe5 18. dxe5 Rb8 19. g4 Bd3 20. Re1 Bh4 21. g5
Bxg5 22. f4 Be7 23. Kh1 Bc5 24. Rd1 Bg6 25. Qg4 Bf5 26. Qh5 Qb6 27. Qf3 f6 28.
Re1 fxe5 29. Rxe5 Rf6 30. Qh5 Rbf8 31. a4 Rg6 32. a5 Qc6 33. Bd2 Kh7 34. Rf1
Qd7 35. Qd1 Bd3 36. Rf3 Be4 37. Rg3 Bxg2+ 38. Rxg2 Rff6 39. Rxg6 Kxg6 40. Qg4+
Kf7 41. Qh5+ Kf8 42. Qg4 Qf7 43. Re1 Rg6 44. Qh4 Be7 45. Qf2 Bd6 46. Qh4 Rf6
47. Be3 Be7 48. Qg4 a6 49. Qd1 Qe8 50. b3 Qc6 51. Bd4 Rxf4 52. Rg1 Bf6 53. Qd2
Rf5 54. bxc4 dxc4+ 55. Qg2 Qxg2+ 56. Kxg2 Bxd4 57. cxd4 Rg5+ 0-1

[Event "3. Wittelsbacher Weihnachts-Schach-Open"]
[Site "Kelheim"]
[Date "2014.12.28"]
[Round "4.37"]
[White "Brack, Johannes"]
[Black "Urban, Rudolf"]
[Result "1-0"]
[WhiteElo "1999"]
[BlackElo "1873"]
[PlyCount "49"]
[EventDate "2014.??.??"]
[WhiteTeam "Regensb. Turnerschaft"]
[BlackTeam "SC Roter Turm Altstadt"]

1. e4 c6 2. Nc3 d6 3. f4 Nf6 4. Nf3 Bg4 5. e5 dxe5 6. fxe5 Nd5 7. d4 Nxc3 8.
bxc3 e6 9. Rb1 Qc7 10. Bd3 Nd7 11. O-O f5 12. exf6 Nxf6 13. Qe1 O-O-O 14. h3
Bf5 15. Bxf5 exf5 16. Qe6+ Qd7 17. Qxd7+ Nxd7 18. Ng5 Re8 19. Rxf5 Be7 20. Rf7
Bf6 21. Bf4 h6 22. Nf3 Rhf8 23. Rxf8 Rxf8 24. Re1 Bxd4+ 25. Nxd4 1-0

[Event "3. Wittelsbacher Weihnachts-Schach-Open"]
[Site "Kelheim"]
[Date "2014.12.28"]
[Round "4.38"]
[White "Li, Simon"]
[Black "Stadler, Wolfgang"]
[Result "0-1"]
[WhiteElo "1815"]
[BlackElo "2059"]
[PlyCount "52"]
[EventDate "2014.??.??"]
[WhiteTeam "SK Schweinfurt"]
[BlackTeam "SK München Südost"]

1. e4 e6 2. d4 d5 3. Nc3 Bb4 4. Nge2 dxe4 5. a3 Be7 6. Nxe4 Bd7 7. N2c3 Bc6 8.
Be3 Nd7 9. Bd3 Ngf6 10. f3 Nb6 11. Qd2 Qd7 12. O-O-O O-O-O 13. g4 h6 14. h4
Nfd5 15. g5 Nxc3 16. Qxc3 Nd5 17. Qd2 Nxe3 18. Qxe3 Qxd4 19. Qe2 Qa4 20. Kb1
Qa5 21. f4 Qb6 22. Ka1 Rd4 23. Rh3 Rhd8 24. Rf1 Qa5 25. Nc3 Bxa3 26. bxa3 Qxc3+
0-1

[Event "3. Wittelsbacher Weihnachts-Schach-Open"]
[Site "Kelheim"]
[Date "2014.12.28"]
[Round "4.39"]
[White "Strohmann, Marcel"]
[Black "Mühlich, Cornelius"]
[Result "1/2-1/2"]
[WhiteElo "1864"]
[BlackElo "1427"]
[PlyCount "44"]
[EventDate "2014.??.??"]
[WhiteTeam "SV Erkenschwick"]
[BlackTeam "SK Kelheim"]

1. e4 c6 2. d4 d5 3. exd5 cxd5 4. Bd3 Nc6 5. Nf3 Bg4 6. c3 Nf6 7. O-O e6 8.
Nbd2 Be7 9. h3 Bh5 10. Qb3 Rb8 11. Ne5 O-O 12. Nxc6 bxc6 13. Qa4 Qc7 14. b4 Nd7
15. Qc2 Bg6 16. Bxg6 hxg6 17. Nb3 Nb6 18. Nc5 Bxc5 19. dxc5 Nc4 20. Bd2 a5 21.
a3 Rb7 22. Rfb1 Ra8 1/2-1/2

[Event "3. Wittelsbacher Weihnachts-Schach-Open"]
[Site "Kelheim"]
[Date "2014.12.28"]
[Round "4.40"]
[White "Klausmann, Leonard"]
[Black "Malzer, Werner"]
[Result "1-0"]
[WhiteElo "1504"]
[BlackElo "1906"]
[PlyCount "73"]
[EventDate "2014.??.??"]
[WhiteTeam "TSV Kareth-Lappersdorf"]
[BlackTeam "TSV Kirchenlaibach"]

1. e4 e5 2. Nf3 Nc6 3. d4 exd4 4. Bc4 Be7 5. c3 Na5 6. Qxd4 Nxc4 7. Qxc4 d6 8.
O-O h6 9. Na3 a6 10. Nc2 Bd7 11. Re1 Be6 12. Qe2 Qd7 13. e5 O-O-O 14. Ncd4 d5
15. b4 c5 16. bxc5 Bxc5 17. Be3 Be7 18. Nxe6 fxe6 19. Bb6 Rf8 20. c4 Kb8 21.
cxd5 exd5 22. Rac1 Rc8 23. e6 Qe8 24. Qe5+ Ka8 25. Rxc8+ Qxc8 26. Qxg7 Bf6 27.
Qd7 Ne7 28. Bc7 Rg8 29. Ne5 Rg5 30. Nf7 Rg7 31. Nd6 Qg8 32. Bd8 Nc6 33. e7 Nxd8
34. Qc8+ Ka7 35. e8=Q Rxg2+ 36. Kh1 Qg5 37. Qe3+ 1-0

[Event "3. Wittelsbacher Weihnachts-Schach-Open"]
[Site "Kelheim"]
[Date "2014.12.28"]
[Round "4.41"]
[White "Braun, Kristin"]
[Black "Schmid, Bernhard"]
[Result "1/2-1/2"]
[WhiteElo "1765"]
[BlackElo "1797"]
[PlyCount "91"]
[EventDate "2014.??.??"]
[WhiteTeam "SC Forchheim"]
[BlackTeam "SC Sinzing"]

1. d4 d5 2. Nf3 Nf6 3. Bf4 e6 4. e3 Bd6 5. Bxd6 cxd6 6. Nbd2 Nc6 7. c3 O-O 8.
Be2 e5 9. dxe5 dxe5 10. O-O e4 11. Nd4 Nxd4 12. cxd4 Qb6 13. Qb3 Qd6 14. h3 Bd7
15. Rac1 Rfc8 16. Rc3 Rxc3 17. bxc3 b5 18. Rb1 a6 19. Qb2 Be8 20. Nb3 Nd7 21.
a3 g6 22. Na5 Qc7 23. Qb4 Nb6 24. Bd1 Rc8 25. Rc1 Kg7 26. Bb3 Rb8 27. Rb1 f5
28. g3 Rc8 29. Rc1 g5 30. Kg2 Kf7 31. Bd1 Kg7 32. Bb3 Kg8 33. Bd1 h5 34. Bb3 f4
35. gxf4 gxf4 36. exf4 Qxf4 37. Rg1 Kf7 38. Nb7 Ke6 39. Nc5+ Kf5 40. Nxa6 Qf3+
41. Kh2 Qxf2+ 42. Rg2 Qf4+ 43. Kh1 Qf1+ 44. Kh2 Qf4+ 45. Kh1 Qf1+ 46. Kh2
1/2-1/2

[Event "3. Wittelsbacher Weihnachts-Schach-Open"]
[Site "Kelheim"]
[Date "2014.12.28"]
[Round "4.42"]
[White "Fritsch, Julian"]
[Black "Wltschek, Christian"]
[Result "1/2-1/2"]
[WhiteElo "1346"]
[BlackElo "1951"]
[PlyCount "50"]
[EventDate "2014.??.??"]
[WhiteTeam "SK Kelheim"]
[BlackTeam "TSV Wacker Neutraubling"]

1. d4 Nf6 2. c4 g6 3. Nc3 d5 4. e3 Bg7 5. Nf3 O-O 6. b3 e6 7. Bb2 b6 8. Be2 Bb7
9. O-O Nbd7 10. Rc1 c6 11. Qc2 Qe7 12. Rfd1 Rab8 13. Rf1 Rfd8 14. Rfd1 Rdc8 15.
Rf1 a6 16. a4 Ne8 17. Rfd1 f5 18. Rf1 Nef6 19. Rfd1 Ng4 20. h3 Nh6 21. Rf1 g5
22. Nh2 Qf6 23. f4 Nf7 24. g4 gxf4 25. Rxf4 Ng5 1/2-1/2

[Event "3. Wittelsbacher Weihnachts-Schach-Open"]
[Site "Kelheim"]
[Date "2014.12.28"]
[Round "4.43"]
[White "Rösch, Maximilian"]
[Black "Hinterreiter, Lorenz"]
[Result "0-1"]
[WhiteElo "1660"]
[BlackElo "1816"]
[PlyCount "130"]
[EventDate "2014.??.??"]
[WhiteTeam "SK Kelheim"]
[BlackTeam "SK Abensberg"]

1. e4 c5 2. Nc3 Nc6 3. g3 d6 4. Bg2 Nf6 5. f4 Bg4 6. Nf3 Nd4 7. h3 Bxf3 8. Bxf3
Nxf3+ 9. Qxf3 e6 10. d3 Rb8 11. O-O d5 12. e5 d4 13. Ne4 Nxe4 14. Qxe4 Qd5 15.
Qe2 g6 16. Bd2 Be7 17. b3 Kd7 18. g4 h5 19. g5 Rhc8 20. a4 Rc7 21. Rfb1 b6 22.
h4 a6 23. Kf2 Bd8 24. Qe1 Rc6 25. Qd1 Rbc8 26. Ra2 b5 27. axb5 axb5 28. Ra7+
R8c7 29. Rba1 c4 30. Rxc7+ Bxc7 31. bxc4 bxc4 32. Rc1 c3 33. Be1 Qh1 34. Kg3
Qg1+ 35. Kf3 Qe3+ 36. Kg2 Qxf4 37. Bg3 Qe3 38. Qe1 Qd2+ 39. Kf3 Rc5 40. Bf4
Qxe1 41. Rxe1 Ra5 42. Ke4 Rd5 43. Ra1 Kc6 44. Ra8 Kb5 45. Ra7 Kb6 46. Ra4 Kb5
47. Rxd4 Rxd4+ 48. Kxd4 Kb4 49. Ke3 Bb6+ 50. Ke2 Ka3 51. d4 Bxd4 52. Kd3 Bf2
53. Kxc3 Bxh4 54. Kd3 Bf2 55. Ke2 Bg1 56. c4 Kb4 57. Kd3 h4 58. Bd2+ Kc5 59.
Ke2 Kxc4 60. Kf1 Bh2 61. Kg2 Bxe5 62. Be1 Bg3 63. Bd2 Kd3 64. Bc1 e5 65. Ba3 e4
0-1

[Event "3. Wittelsbacher Weihnachts-Schach-Open"]
[Site "Kelheim"]
[Date "2014.12.28"]
[Round "4.44"]
[White "Broszeit, Peter"]
[Black "Schmidt, Franz"]
[Result "1-0"]
[WhiteElo "2012"]
[BlackElo "1842"]
[PlyCount "39"]
[EventDate "2014.??.??"]
[WhiteTeam "SV Erkenschwick"]
[BlackTeam "SK Abensberg"]

1. e4 e5 2. Bc4 Nf6 3. d4 exd4 4. Nf3 Nc6 5. O-O Bc5 6. e5 d5 7. exf6 dxc4 8.
Re1+ Kf8 9. Bg5 gxf6 10. Bh6+ Kg8 11. Nc3 Bf5 12. Ne4 Bxe4 13. Rxe4 f5 14. Nxd4
Ne7 15. Nxf5 Ng6 16. Qg4 Bf8 17. Bg5 f6 18. Rd1 Bd6 19. Bh6 Kf7 20. Nxd6+ 1-0

[Event "3. Wittelsbacher Weihnachts-Schach-Open"]
[Site "Kelheim"]
[Date "2014.12.28"]
[Round "4.45"]
[White "Kirsch, Reimund"]
[Black "Frei, Robert"]
[Result "0-1"]
[WhiteElo "1792"]
[BlackElo "1878"]
[PlyCount "76"]
[EventDate "2014.??.??"]
[WhiteTeam "SC Beilngries"]
[BlackTeam "TSV Mindelheim"]

1. e4 c5 2. Nc3 Nc6 3. f4 g6 4. d3 Bg7 5. Nf3 e6 6. g3 Nge7 7. Bg2 d6 8. O-O
O-O 9. Be3 b6 10. Rb1 d5 11. Bf2 d4 12. Ne2 a5 13. g4 f5 14. exf5 exf5 15. gxf5
Bxf5 16. h4 Qd6 17. Bg3 Nd5 18. c4 Ne3 19. Qd2 Nxf1 20. Rxf1 Rae8 21. Bf2 Nb4
22. Nc1 Nc6 23. Ng5 Nd8 24. Ne2 Bg4 25. Nf3 Nc6 26. a3 Bh6 27. Bg3 Qe7 28. Re1
Qe3+ 29. Qxe3 Rxe3 30. Kf2 Rfe8 31. Bh1 Rxd3 32. Nc1 Rxe1 33. Nxe1 Rd2+ 34. Kf1
Ne7 35. Ned3 Rd1+ 36. Kg2 Nf5 37. Bf2 Nd6 38. Bg3 Nxc4 0-1

[Event "3. Wittelsbacher Weihnachts-Schach-Open"]
[Site "Kelheim"]
[Date "2014.12.28"]
[Round "4.46"]
[White "Simon, Manuel"]
[Black "Meul, Willi"]
[Result "1-0"]
[WhiteElo "1609"]
[BlackElo "1885"]
[PlyCount "57"]
[EventDate "2014.??.??"]
[WhiteTeam "SK Mömbris"]
[BlackTeam "SV Hürth-Berrenrath"]

1. c4 Nf6 2. Nc3 d5 3. cxd5 Nxd5 4. Nf3 g6 5. g3 Bg7 6. Bg2 c6 7. d4 O-O 8. e3
Nd7 9. O-O N7b6 10. e4 Nxc3 11. bxc3 Be6 12. Bf4 Qc8 13. Qc2 Rd8 14. Rfe1 a6
15. Rab1 Nc4 16. Rb3 Na5 17. Rb4 b6 18. Be3 Nc4 19. Bc1 a5 20. Rb3 a4 21. Rb4
Qa6 22. Bf1 b5 23. Rd1 Ra7 24. Ne1 Rad7 25. Nd3 Bg4 26. Re1 Qa7 27. Nc5 Bxd4
28. Nxd7 Bxf2+ 29. Qxf2 1-0